<?xml version="1.0" encoding="UTF-8"?>
<record
    xmlns:xsi="http://www.w3.org/2001/XMLSchema-instance"
    xsi:schemaLocation="http://www.loc.gov/MARC21/slim http://www.loc.gov/standards/marcxml/schema/MARC21slim.xsd"
    xmlns="http://www.loc.gov/MARC21/slim">

  <leader>02173nam a22003737a 4500</leader>
  <controlfield tag="005">20260314063813.0</controlfield>
  <controlfield tag="008">141204b1987    ve ||||| |||| 00| 0 spa d</controlfield>
  <datafield tag="020" ind1=" " ind2="0">
    <subfield code="a">9806110080</subfield>
  </datafield>
  <datafield tag="040" ind1=" " ind2=" ">
    <subfield code="a">AR-MoUNM</subfield>
  </datafield>
  <datafield tag="082" ind1="0" ind2=" ">
    <subfield code="2">20</subfield>
    <subfield code="a">306.098</subfield>
    <subfield code="b">DIS 611</subfield>
  </datafield>
  <datafield tag="245" ind1="0" ind2="0">
    <subfield code="a">Dise&#xF1;os para el cambio :</subfield>
    <subfield code="b">modelos socioculturales /</subfield>
    <subfield code="c">coordinador, Martner ; Brunner ; Faletto... [et al.]</subfield>
  </datafield>
  <datafield tag="260" ind1=" " ind2=" ">
    <subfield code="a">Caracas :</subfield>
    <subfield code="b">Nueva Sociedad :</subfield>
    <subfield code="b">UNITAR/PROFAL,</subfield>
    <subfield code="c">1987.</subfield>
  </datafield>
  <datafield tag="300" ind1=" " ind2=" ">
    <subfield code="a">309 p. :</subfield>
    <subfield code="b">tablas, gr&#xE1;f. ;</subfield>
    <subfield code="c">20 cm.</subfield>
  </datafield>
  <datafield tag="504" ind1=" " ind2=" ">
    <subfield code="a">Incluye referencias bibliogr&#xE1;ficas.</subfield>
  </datafield>
  <datafield tag="505" ind1="0" ind2=" ">
    <subfield code="t">Primera parte. Los modelos socioculturales del desarrollo latinoamericano.</subfield>
  </datafield>
  <datafield tag="505" ind1="0" ind2=" ">
    <subfield code="t">Sociedades dependientes y crisis en Am&#xE9;rica Latina : los desaf&#xED;os de la transformaci&#xF3;n pol&#xED;tico-social /</subfield>
    <subfield code="r">Germ&#xE1;n Rama ; Enzo Faletto.</subfield>
    <subfield code="g">p. 17-48.</subfield>
  </datafield>
  <datafield tag="505" ind1="0" ind2=" ">
    <subfield code="t">Cultura y prospectiva : el imaginario de futuro en la literatura latinoamericana /</subfield>
    <subfield code="r">Ana Pizarro.</subfield>
    <subfield code="g">p. 49-71.</subfield>
  </datafield>
  <datafield tag="505" ind1="0" ind2=" ">
    <subfield code="t">Los debates sobre la modernidad y el futuro de Am&#xE9;rica Latina /</subfield>
    <subfield code="r">Jos&#xE9; Joaqu&#xED;n Brunner.</subfield>
    <subfield code="g">p. 73-115.</subfield>
  </datafield>
  <datafield tag="505" ind1="0" ind2=" ">
    <subfield code="t">Crisis econ&#xF3;mica, educaci&#xF3;n y futuro en Am&#xE9;rica Latina /</subfield>
    <subfield code="r">Juan Carlos Tedesco.</subfield>
    <subfield code="g">p. 117-132.</subfield>
  </datafield>
  <datafield tag="505" ind1="0" ind2=" ">
    <subfield code="t">La juventud latinoamericana : presente y futuro /</subfield>
    <subfield code="r">Javier Mart&#xED;nez.</subfield>
    <subfield code="g">p. 133-158.</subfield>
  </datafield>
  <datafield tag="505" ind1="0" ind2=" ">
    <subfield code="t">Segunda parte. Estrategias alternativas para el desarrollo de Am&#xE9;rica Latina.</subfield>
  </datafield>
  <datafield tag="505" ind1="0" ind2=" ">
    <subfield code="t">Hacia nuevos modelos de desarrollo latinoamericano para enfrentar los desaf&#xED;os del a&#xF1;o 2000 /</subfield>
    <subfield code="r">Pedro Vuskovic.</subfield>
    <subfield code="g">p. 169-209.</subfield>
  </datafield>
  <datafield tag="505" ind1="0" ind2=" ">
    <subfield code="t">La industrializaci&#xF3;n latinoamericana hacia un futuro lejano /</subfield>
    <subfield code="r">Ernesto Ottone.</subfield>
    <subfield code="g">p. 235-257.</subfield>
  </datafield>
  <datafield tag="505" ind1="0" ind2=" ">
    <subfield code="t">El desarrollo en funci&#xF3;n de la paz : &#xBF;un modelo alternativo? /</subfield>
    <subfield code="r">Jos&#xE9; Agust&#xED;n Silva Michelena.</subfield>
    <subfield code="g">p. 259-287.</subfield>
  </datafield>
  <datafield tag="505" ind1="0" ind2=" ">
    <subfield code="t">Seguridad regional en Sudam&#xE9;rica. Escenarios prospectivos /</subfield>
    <subfield code="r">Carlos Portales.</subfield>
    <subfield code="g">p. 289-308.</subfield>
  </datafield>
  <datafield tag="650" ind1=" " ind2="7">
    <subfield code="2">unescot</subfield>
    <subfield code="9">1489</subfield>
    <subfield code="a">ESTRUCTURA SOCIAL</subfield>
  </datafield>
  <datafield tag="650" ind1=" " ind2="7">
    <subfield code="2">mpirdes</subfield>
    <subfield code="9">2299</subfield>
    <subfield code="a">CONDICIONES SOCIALES</subfield>
  </datafield>
  <datafield tag="650" ind1=" " ind2="7">
    <subfield code="2">mpirdes</subfield>
    <subfield code="9">1477</subfield>
    <subfield code="a">CONDICIONES ECONOMICAS</subfield>
  </datafield>
  <datafield tag="650" ind1=" " ind2="7">
    <subfield code="2">unescot</subfield>
    <subfield code="a">POLITICA SOCIAL</subfield>
    <subfield code="9">113</subfield>
  </datafield>
  <datafield tag="650" ind1=" " ind2="7">
    <subfield code="2">unescot</subfield>
    <subfield code="9">371</subfield>
    <subfield code="a">POLITICA ECONOMICA</subfield>
  </datafield>
  <datafield tag="651" ind1=" " ind2="7">
    <subfield code="2">unescot</subfield>
    <subfield code="a">AMERICA LATINA</subfield>
    <subfield code="9">1049</subfield>
  </datafield>
  <datafield tag="700" ind1="1" ind2=" ">
    <subfield code="9">7713</subfield>
    <subfield code="a">Martner, Gonzalo.</subfield>
    <subfield code="e">coord.</subfield>
  </datafield>
  <datafield tag="942" ind1=" " ind2=" ">
    <subfield code="c">LIBRO</subfield>
  </datafield>
  <datafield tag="999" ind1=" " ind2=" ">
    <subfield code="c">4265</subfield>
    <subfield code="d">4265</subfield>
  </datafield>
  <datafield tag="952" ind1=" " ind2=" ">
    <subfield code="0">0</subfield>
    <subfield code="1">0</subfield>
    <subfield code="4">0</subfield>
    <subfield code="7">0</subfield>
    <subfield code="a">UNM</subfield>
    <subfield code="b">UNM</subfield>
    <subfield code="d">2014-12-04</subfield>
    <subfield code="e">Donaci&#xF3;n Universidad Argentina de la Emprea - UADE</subfield>
    <subfield code="i">10980</subfield>
    <subfield code="l">0</subfield>
    <subfield code="o">306.098 DIS 611</subfield>
    <subfield code="p">10980</subfield>
    <subfield code="r">2014-12-04 00:00:00</subfield>
    <subfield code="t">Ej. C</subfield>
    <subfield code="w">2014-12-04</subfield>
    <subfield code="y">LIBRO</subfield>
  </datafield>
</record>
